Балада про Степовика (Запис № 17284)

000 -Маркер запису
Контрольне поле сталої довжини 01911nam a22002537a 4500
003 - Належність контрольного номера
Контрольне поле Uzh_bibl
008 - Кодовані дані
Контрольне поле сталої довжини 260408b |||||||| |||| 00| 0 ukr d
020 ## - Індекс ISBN
Ціна 2.30
040 ## - Джерело каталогіз.
Служба первин.кат. укр.
041 ## - Код мови видання
Код мови оригіналу українська
Код мови тексту українська
080 ## - Індекс УДК
Індекс УДК 821(477)
090 ## - Шифри
Поличний індекс 821(477)
Авторський знак П 37
100 ## - Автор
Автор Плачинда, Сергій
245 ## - Назва
Назва Балада про Степовика
Фізичний носій Текст
260 ## - Вихідні дані
Місце видання Київ
Видавництво Дніпро
Дата видання 1987
300 ## - Фізичний опис
Обсяг 587 с.
Тип одиниці В опр.
520 ## - Анотація
Анотація Твір змальовує образ Степовика — узагальненого героя, який уособлює силу, волелюбність і духовну міць українського народу. Через його долю автор передає драматизм боротьби за свободу, зв’язок людини з рідною землею та степом. У творі переплітаються реальні історичні події з легендарними мотивами, що створює піднесений, символічний настрій.
521 ## - Примітка про цільове призначення
Примітка про цільове призначення Для широкого кола читачів
546 ## - Примітка про мову
Примітка про мову укр.
650 ## - Тематичні рубрики
Основна рубрика Літературно-художнє видання
Хронологічна підрубрика У часи історичного минулого — умовно козацька доба та періоди народної боротьби. Час має узагальнений, символічний характер
Географічна підрубрика Події розгортаються в українському степу (південні та центральні регіони України)
653 ## - Ключові слова
Ключові слова Степ
-- Воля
-- Козацтво
-- Боротьба
-- Легенда
655 ## - Термін індексування — жанр/форма
Жанр/форма Балада, історико-романтична повість (з елементами легенди)
Типове ділення Повісті. Роман-есе
942 ## - ADDED ENTRY ELEMENTS (KOHA)
Джерело класифікації чи схема поличного розташування
Koha item type Книги
Фонди
Статус вилучення Статус втрати/відсутності Джерело класифікації чи схема поличного розташування Статус пошкодження Тип обігу (не для випозичання) Постійне розташування Поточне розташування Розташування у відділі Дата надходження Інвентарний номер Total Checkouts Повний (примірниковий) шифр зберігання Штрих-код Date last seen Дата, для якої чинна ціна заміни Тип одиниці (рівень примірника)
          Публічна бібліотека Публічна бібліотека Абонемент 08/04/2026 30154   821(477) 20134 08/04/2026 08/04/2026 Книги

Працює на АБІС Коха